000 00327nam a2200133Ia 4500
008 260604s9999 xx 000 0 und d
020 _a9781316622810
082 _a004 ASH
100 _aKevin d. ashley
_935704
245 0 _aArtificial Intelligence and Legal Analytics
260 _bCambridge
500 _aIT, AI
942 _cBK
999 _c8528
_d8528